| 000 | 00833nam a22002291i 4500 | ||
|---|---|---|---|
| 001 | 776 | ||
| 003 | BD-RjUL | ||
| 005 | 20211208233229.0 | ||
| 008 | 131123s1939 ilu 00110 eng d | ||
| 035 | _a(BD-RjUL)796 | ||
| 035 | _a(BD-RjUL) | ||
| 040 |
_aBD-RjUL _beng _cBD-RjUL _dBD-RjUL |
||
| 041 | _aeng | ||
| 082 |
_216 _a027.473339 _bWAL 1939 |
||
| 100 | 1 |
_aWaples, D. _92307 |
|
| 245 | 1 | 0 |
_aLibraries and readers in the state of New York : _bthe state's administration of public and school libraries with reference to the educational values of library services / _c[prepared for the Regent's inquiry into the character and cost of public education]. |
| 260 |
_aChicago, _c1939. |
||
| 300 |
_a1 v. _c21 cm. |
||
| 490 | 0 | _aChicago. University. Studies in library science | |
| 650 | _2 Public services (Libraries) | ||
| 942 |
_2ddc _cBK |
||
| 999 |
_c776 _d776 |
||